000 00376nam a2200157 a 4500
082 0 0 _a239
_bTHA
100 _aThakurdass, G L
245 _aIzalat-Ul-Mazar-E-Qadiyani.
260 _aLudhiana
_bAmerican Tract Society
_c1903
300 _a71p
500 _aincludes index and biblioraphy
505 2 _aIndex
650 _aApologetics
700 1 _aThakurdass, G L
942 _cGSB
999 _c224
_d224